LEADER 01479nam a2200277 u 4500 001 000000116714 003 CaOOAMICUS 005 20090721120152.0 008 090721s2009 it u000 u ita r 020 $z978-88-13-29260-7* 040 $aPUL$bita$dLDB 245 03$aIl contratto :$bvalidità, inadempimento, risarcimento /$ca cura di Luigi Viola. 260 $aPadova :$bCEDAM,$cc2009. 300 $a2 v. ;$c22 cm +$e1 CD-Rom 490 1 $aIl diritto applicato. I grandi temi 650 4$aContratti$xDiritto$vManuali, compendi.$0(OLS)http://pul/subject/35500 700 1 $aViola, Luigi.$0(OLS)http://pul/name/72529 830 3$aIl diritto applicato. I grandi temi.$0(OLS)http://pul/title/137455 850 $aPUL 852 $aPUL$W1$xSL Diritto e Scienze Sociali 3$y79$m346. 45 CASGI 7.1$j133828$av. 1$qDDC 21$B132856$CPULBib$Z2$F132856 $H111120 $82 852 $aPUL$W1$xSL Diritto e Scienze Sociali 3$y79$m346. 45 CASGI 7.2$j133829$av. 2$qDDC 21$B132857$CPULBib$Z2$F132857 $H111121 $82 852 $aPUL$W1$xSL Diritto e Scienze Sociali 3$y79$m346. 45 CASGI 7.1CD$j133830$aCD-ROM$qDDC 21$B132858$CPULBib$Z2$F132858 $H111122 $82 941 1 $a9 996 $6020$z978-88-13-29260-7*$9(OLS)http://pul/number/141502 996 $6245$aIl contratto :$bvalidità, inadempimento, risarcimento$9(OLS)http://pul/title/146713 996 $6260$aPadova :$bCEDAM$9(OLS)http://pul/publisher/48126 LEADER 01543nam a2200301 a 4500 001 000000167836 003 CaOOAMICUS 005 20180523095339.0 008 180523s2018 gw u001 u eng r 020 $z9783161557293* 032 $aLibriCat 040 $aPUL$bita 245 00$aMemory and memories in early christianity :$bproceedings of the International Conference held at the universities of Geneva and Lausanne (June 2-3, 2016) /$cedited by Simon Butticaz and Enrico Norelli. 260 $aTübingen :$bMohr Siebeck,$cİ2018. 300 $aX, 356 p. ;$c24 cm. 490 1 $aWissenschaftliche Untersuchungen zum Neuen Testament ;$v398 504 $aInclude riferimenti bibliografici e indici. 650 4$aCristianesimo$xCongressi.$0(OLS)http://pul/subject/28384 700 1 $aNorelli, Enrico.$0(OLS)http://pul/name/379 700 1 $aButticaz, Simon David.$0(OLS)http://pul/name/108091 830 0$aWissenschaftliche Untersuchungen zum Neuen Testament ;$v398.$0(OLS)http://pul/title/8628 850 $aPUL 852 $aPUL$W1$xSL Religione 1$y3$m16 H 398$j191565$qStampati$B195568$CPULBib$Z2$F195568 $H130821 $81 941 1 $a8 996 $6020$z9783161557293*$9(OLS)http://pul/number/164145 996 $6245$aMemory and memories in early christianity :$bproceedings of the International Conference held at the universities of Geneva and Lausanne (June 2-3, 2016)$9(OLS)http://pul/title/207964 996 $6260$aTübingen :$bMohr Siebeck$9(OLS)http://pul/publisher/52004